| 000 | 00648nam a22002172 4500 | ||
|---|---|---|---|
| 001 | 0000005976 | ||
| 005 | 20151021151107.0 | ||
| 008 | 070905s xx 000 0 eng d | ||
| 020 |
_a0273634321 : _cKES 1,220 |
||
| 040 |
_aKABU _cKABU |
||
| 100 | 1 |
_aJefkins, Frank. _@0000157305 |
|
| 245 | 1 | 0 |
_aPublic relations / _cFrank Jefkins, Daniel Yadin. |
| 250 | _a5th ed. | ||
| 260 |
_aHarlow : _bFinancial Times/Prentice Hall, _c1998. |
||
| 300 | _aix, 293 p. | ||
| 650 | 0 |
_aPublic relations. _@0000047274 |
|
| 700 | 1 |
_aYadin, Daniel. _@0000157306 |
|
| 908 | _a070905 | ||
| 950 | _@1 | ||
| 999 |
_c602 _d602 |
||